| 000 | 00659nam a2200205 i 4500 | ||
|---|---|---|---|
| 001 | 135309 | ||
| 003 | ES-MaACL | ||
| 005 | 20251009191444.0 | ||
| 007 | t| | ||
| 008 | 070716s1978 sp ||||1| spa d | ||
| 100 | 1 |
_aTogliatti, Palmiro. _9110420 |
|
| 245 | 1 | 0 |
_aComunistas, socialistas, católicos / _cPalmiro Togliatti ; antología presentada por Luciano Gruppi ; traducción de Juana Bignozzi. |
| 250 | _a[1ª ed.]. | ||
| 260 |
_aBarcelona : _bLaia, _c1978. |
||
| 300 |
_a257 p. ; _c19 cm. |
||
| 700 | 1 |
_aGruppi, Luciano. _960257 |
|
| 700 | 1 |
_aBignozzi, Juana, _d1937-2015 _928843 |
|
| 852 |
_aES-MaACL _jA-8558 _bR.97557 |
||
| 999 |
_c135309 _d135309 |
||